000 00428nam a22001217a 4500
999 _c1102
_d1102
005 20200824161645.0
008 200824b ||||| |||| 00| 0 eng d
020 _a0521315581
040 _cCML
245 _aStudy Writing: A Course in Written English for Academic and Professional Purposes.
_cHamp-Lyons, L & Heasley, B.
260 _aCambridge
_bCambridge University Press
_c1987
942 _2ddc
_cBK
_h411.07
_mLYO